00519cam a22001577a 4500008004000000020001500040082001500055100002300070245006300093260002600156300001000182650003900192650002500231999001900256952008600275180718b2005 xxu||||| |||| 00| 0 eng d a8121208246 aC41x54 K11 aKaarthikeyan, D.R. aHuman rights: problems and solutionscby D.R. Kaarthikeyan aNew DelhibGyanc2005 a284p. aWomen - Law and legal status, etc. aHuman rights - India c403515d403515 00104070aIIPAbIIPAd2005-03-04oC41x54 K11p79962r2018-07-21w2018-07-21yBK